Statistics for Diaspora-Croatia

Click here to take the quiz!

General Stats

  • This quiz has been taken 354 times
  • The average score is 21 of 25

Answer Stats

Number of immigrantsContinentCountry% Correct
227.510EuropeGermany
99%
420.763North AmericaUnited States of America
98%
250.000South AmericaArgentina
97%
600.000EuropeBosnia and Herzegovina
97%
150.719EuropeAustria
96%
133.965North AmericaCanada
95%
70.602EuropeSerbia
95%
380.000South AmericaChile
94%
118.046OceaniaAustralia
93%
45.000South AmericaBrazil
93%
21.460EuropeItaly
91%
6.992EuropeUnited Kingdom
89%
30.000EuropeFrance
88%
35.642EuropeSlovenia
85%
40.484EuropeSwitzerland
81%
25.730EuropeHungary
80%
28.000EuropeSweden
78%
6.000South AmericaPeru
74%
5.800South AmericaColombia
73%
6.811EuropeMontenegro
69%
5.000South AmericaVenezuela
69%
8.000AfricaSouth Africa
62%
5.400EuropeDenmark
61%
10.000EuropeBelgium
60%
6.786EuropeRomania
57%

Score Distribution

Percentile by Number Answered

Percent of People with Each Score

Your Score History

You have not taken this quiz